City Quiz- New York - Statistics

General Stats
  • This quiz has been taken 18 times
  • The average score is 15 of 23
Answer Stats
Hint Answer % Correct
1) Nickname of New York, the Big Apple
100%
8) What iconic skyscraper was completed in 1931? Empire State Building
100%
4) What country gifted the Statue of Libertyto the US in the 1880s? France
100%
7) What borough includes Astoria, Corona,and Flushing? Queens
94%
6) What part of the city do the Yankees play in? Bronx
88%
22) How many boroughs of the city are there? 5
81%
9) What square area in downtown Manhattan featuresa pond, bridges and a zoo? Central Park
81%
2) This Dutch explorer founded the cityand explored the river that bears his name Henry Hudson
81%
15) What popular area of Manhattan does the NYEball drop every year? Times Square
81%
3) Least populated borough Staten Island
75%
5) What world famous theater hosts someof the biggest plays? Broadway
69%
14) What area of the city was the birthplace of AfricanAmerican literature, jazz and blues during the 1920s? Harlem
69%
24) How many professional sports teams call the NYC area home?(Including the greater city area) 11
63%
11) What area with an iconic amusement park is located on the beach in Brooklyn? Coney Island
63%
17) What basketball team plays at Madison Square Garden? Knicks
63%
18) What baseball team plays at Citi Field? Mets
56%
10) What building, also known as the Freedom Tower, measures 1776' tall as a symbol of America? One World Trade Center
56%
12) What famous eating contest takes place in the above every 4th of July? Hot Dog
44%
25) What NBA team plays at the Barclays center? Nets
44%
16) What Ivy League school is located in the city? Columbia
38%
23) What section of the city did Friends take place in? Greenwich Village
38%
21) What movie featured Kevin McAllister accidentally flyingto the city and getting into trouble? Home Alone 2
38%
20) What sitcom featured NY couple Doug and Carrie and herfather Arthur? King of Queens
25%
No matching quizzes found
Score Distribution
Percent of People with Each Score
Percentile by Number Answered
Your Score History
You have not taken this quiz